Economics for East Africa. (Record no. 12528)
[ view plain ]
| 000 -LEADER | |
|---|---|
| fixed length control field | 00574cam a22002052 4500 |
| 001 - CONTROL NUMBER | |
| control field | 0000001310 |
| 005 - DATE AND TIME OF LATEST TRANSACTION | |
| control field | 20151217155808.0 |
| 008 - FIXED-LENGTH DATA ELEMENTS--GENERAL INFORMATION | |
| fixed length control field | 070302s xx 000 0 eng d |
| 040 ## - CATALOGING SOURCE | |
| Original cataloging agency | KABU |
| Transcribing agency | KABU |
| 050 #0 - LIBRARY OF CONGRESS CALL NUMBER | |
| Classification number | HB171.5 |
| Item number | .K56 |
| 100 1# - MAIN ENTRY--PERSONAL NAME | |
| Personal name | Kingsbury, O. A. |
| -- | 0000149949 |
| 245 10 - TITLE STATEMENT | |
| Title | Economics for East Africa. |
| 260 ## - PUBLICATION, DISTRIBUTION, ETC. (IMPRINT) | |
| Place of publication, distribution, etc. | Nairobi : |
| Name of publisher, distributor, etc. | EALB, |
| Date of publication, distribution, etc. | 1959. |
| 300 ## - PHYSICAL DESCRIPTION | |
| Extent | 146 p. |
| 650 #0 - SUBJECT ADDED ENTRY--TOPICAL TERM | |
| Topical term or geographic name as entry element | Economics. |
| -- | 0000148279 |
| 651 #0 - SUBJECT ADDED ENTRY--GEOGRAPHIC NAME | |
| Geographic name | Africa, East |
| General subdivision | Economic conditions. |
| -- | 0000149950 |
| 908 ## - PUT COMMAND PARAMETER (RLIN) | |
| Put command parameter | 070302 |
| 950 ## - LOCAL HOLDINGS (RLIN) | |
| -- | 1 |
| Withdrawn status | Lost status | Source of classification or shelving scheme | Not for loan | Home library | Current library | Shelving location | Date acquired | Total Checkouts | Full call number | Barcode | Date last seen | Copy number | Price effective from | Koha item type |
|---|---|---|---|---|---|---|---|---|---|---|---|---|---|---|
| Library of Congress Classification | Kabarak, Main Campus | Kabarak, Main Campus | General Stacks | 17/12/2015 | HB171.5 .K56 c. 1 | 021846 | 17/12/2015 | c. 1 | 17/12/2015 | Africana Collection |